Elogio de la estulticia / (Record no. 59856)
[ view plain ]
| 000 -LEADER | |
|---|---|
| campo de control de longitud fija | 01168nam a2200277 i 4500 |
| 001 - NÚMERO DE CONTROL | |
| campo de control | 59856 |
| 003 - IDENTIFICADOR DE NÚMERO DE CONTROL | |
| campo de control | ES-MaACL |
| 005 - FECHA Y HORA DE LA ÚLTIMA TRANSACCIÓN | |
| campo de control | 20250917063038.0 |
| 007 - CAMPO FIJO DE DESCRIPCIÓN FÍSICA--INFORMACIÓN GENERAL | |
| campo de control de longitud fija | t| |
| 008 - DATOS DE LONGITUD FIJA--INFORMACIÓN GENERAL | |
| campo de control de longitud fija | 031031s1917 sp ||||1| spa d |
| 080 ## - NÚMERO DE LA CLASIFICACIÓN DECIMAL UNIVERSAL | |
| Número de la Clasificación Decimal Universal | 821.124'04-7"15" |
| 100 0# - ENTRADA PRINCIPAL--NOMBRE DE PERSONA | |
| Nombre de persona | Erasmus, Desiderius, |
| Fechas asociadas al nombre | 1467-1536 |
| 9 (RLIN) | 47350 |
| 245 10 - MENCIÓN DEL TÍTULO | |
| Título | Elogio de la estulticia / |
| Mención de responsabilidad, etc. | Erasmo de Rotterdam ; traducción directa del latín por Julio Puyol ; precedida de dos cartas, una del traductor y otra de A. Bonilla y San Martín. |
| 250 ## - MENCION DE EDICION | |
| Mención de edición | Ed. il. con los dibujos de Holbein. |
| 260 ## - PUBLICACIÓN, DISTRIBUCIÓN, ETC. | |
| Lugar de publicación, distribución, etc. | Madrid : |
| Nombre del editor, distribuidor, etc. | Librería General de Victoriano Suárez, |
| Fecha de publicación, distribución, etc. | 1917 ( |
| Fabricante | Imp. Clásica Española) |
| 300 ## - DESCRIPCIÓN FÍSICA | |
| Extensión | 274 p. : |
| Otras características físicas | il. ; |
| Dimensiones | 22 cm. |
| 530 ## - NOTA DISPONIBLE DE FORMULARIO FÍSICO ADICIONAL | |
| Nota de formato físico adicional disponible | Disponible en formato digital. |
| 650 #4 - PUNTO DE ACCESO ADICIONAL DE MATERIA--TÉRMINO DE MATERIA | |
| Término de materia o nombre geográfico como elemento de entrada | Estupidez. |
| 9 (RLIN) | 173151 |
| 700 1# - ENTRADA AGREGADA--NOMBRE PERSONAL | |
| Nombre de persona | Puyol y Alonso, Julio, |
| Fechas asociadas al nombre | 1865-1937 |
| 9 (RLIN) | 94454 |
| 700 1# - ENTRADA AGREGADA--NOMBRE PERSONAL | |
| Nombre de persona | Bonilla y San Martín, Adolfo, |
| Fechas asociadas al nombre | 1875-1926 |
| 9 (RLIN) | 30193 |
| 700 1# - ENTRADA AGREGADA--NOMBRE PERSONAL | |
| Nombre de persona | Holbein, Hans, |
| Fechas asociadas al nombre | ca. 1497-1543 |
| 9 (RLIN) | 153101 |
| 852 ## - LOCALIZACIÓN | |
| Ubicación | ES-MaACL |
| Número de control de estantería | F-6567 |
| Ubicación en estantería | Depósito 2 |
| Nota libre | Revisado enlace: 17 de julio de 2025 |
| 856 4# - LOCALIZACIÓN Y ACCESO ELECTRÓNICOS | |
| Identificador Uniforme de Recursos | <a href="http://bdh-rd.bne.es/viewer.vm?id=0000045679&page=1 ">http://bdh-rd.bne.es/viewer.vm?id=0000045679&page=1 </a> |
| Texto de enlace | Biblioteca Digital Hispánica |
| 942 ## - ELEMENTOS DE ENTRADA SECUNDARIOS (KOHA) | |
| Fuente del sistema de clasificación o colocación | Clasificación decimal universal |
| Estatus retirado | Estado de pérdida | Estado de daño | No para préstamo | Colección | Biblioteca de origen | Biblioteca actual | Ubicación en estantería | Fecha de adquisición | Fuente de adquisición | Total de préstamos | Signatura topográfica completa | Código de barras | Visto por última vez | Precio de reemplazo | Tipo de ítem Koha |
|---|---|---|---|---|---|---|---|---|---|---|---|---|---|---|---|
| Colección digital | Biblioteca del Ateneo de Madrid | Biblioteca del Ateneo de Madrid | Depósito 2 | 17/01/2008 | F-6567 | 1062777 | 23/02/2023 | 23/02/2023 | Libro impreso |
